Loreto College Library, Kolkata
WEBOPAC (ONLINE PUBLIC ACCESS CATALOGUE)

The International encyclopedia of curriculum (Record no. 10676)

MARC details
000 -LEADER
fixed length control field 00470nam a2200181Ia 4500
005 - DATE AND TIME OF LATEST TRANSACTION
control field 20180706135525.0
008 - FIXED-LENGTH DATA ELEMENTS--GENERAL INFORMATION
fixed length control field 131103s9999 xx 000 0 und d
040 ## - CATALOGING SOURCE
Original cataloging agency Loreto College
041 ## - LANGUAGE CODE
Language code English
082 ## - DDC | ডিউই
Classification number | বর্গসংখ্যা 375
Book Number | গ্রন্থাঙ্ক LEW
100 ## - MAIN ENTRY--PERSONAL NAME | মুখ্য সংলেখ - ব্যাক্তিনাম
Personal name | ব্যাক্তিনাম Lewy,Arieh
245 #4 - TITLE STATEMENT | অাখ্যা বিবরণী
Title | অাখ্যা The International encyclopedia of curriculum
Statement of responsibility | লেখকের দায়িত্বের বিবরণ Arieh Lewy
260 ## - IMPRINT | প্রকাশনা ক্ষেত্র
Place of publication | প্রকাশ স্থান Oxford
Name of publisher | প্রকাশকের নাম Pergaman Press
Date of publication | প্রকাশ কাল 1991
300 ## - PHYSICAL DESCRIPTION |
Page / Vol. No | পৃষ্ঠা / খন্ড সংখ্যা 835 p.
650 ## - SUBJECT ADDED ENTRY--TOPICAL TERM | বিষয় শিরোনাম - মূল বিষয়
Topical term | মূল বিষয় Curriculum - Dictionaries
850 ## - HOLDING INSTITUTION
Holding institution LCLIB
942 ## - ADDED ENTRY ELEMENTS (KOHA)
Koha item type Books
Holdings
Withdrawn status Lost status Source of classification Damaged status Not for loan Home library Current library Date acquired Total Checkouts Full call number Accession No. Date last seen Date checked out Price effective from Koha item type
    Dewey Decimal Classification     Loreto College Loreto College 04/11/2013 2 375 LEW Xeroxed 2 B10563 14/03/2017 14/03/2017 04/11/2013 Books
          Loreto College Loreto College 04/11/2013   375/375.0003/LEW LCLIB/copy 2;Ed.Sem.Lib.629,630/Xeroxed182,183 B22441 04/11/2013   04/11/2013 Books
          Loreto College Loreto College 04/11/2013   375/375.0003/LEW LCLIB/copy 2;Ed.Sem.Lib.629,630/Xeroxed182,183 B22442 04/11/2013   04/11/2013 Books
    Dewey Decimal Classification     Loreto College Loreto College 06/07/2018   375 LEW Xeroxed 3 45567 06/07/2018   06/07/2018 Books